Квартет и другие басни (Запис номер 470563)
[ съкратено ]
| 000 -Лидер | |
|---|---|
| Контролно поле с фиксирана дължина | nam a22 a 4500 |
| 003 - Код на организацията, давaща контролен номер | |
| Контролно поле | BLK |
| 005 - Дата и час на последна редакция | |
| Контролно поле | 20220816160739.0 |
| 008 - Елементи от данни с фиксирана дължина | |
| fixed length control field | 201022b bu |||||r|||| 00| | bu d |
| 020 ## - Международен стандартен номер на книга ISBN | |
| Международен стандартен номер на книга ISBN | 9785373014953 |
| 040 ## - Източник на каталожния запис | |
| Идентификатор на билиотеката - собственик на записа | BLK |
| 041 ## - Код за език | |
| Код за езика на текст/звукозапис или на отделно заглавие | Руски |
| Код за езика КДБФ | Руски |
| 080 ## - УДК | |
| Текстов определител УДК | Руска литература |
| УДК код - определител по УДК | 821.161.1 |
| УДК определител | -93-34 |
| УДК - код + определител | 821.161.1-93-34 |
| 100 1# - Редна дума - Автор | |
| R(LIN) | 85027 |
| Автор | Крылов, Иван Андреевич |
| Авторска отговорност | първи автор |
| 139 ## - Редно поле | |
| Редна дума | Крылов, Иван Андреевич |
| Авторски знак | Кръ - К 92 |
| 245 ## - Сведения за заглавието | |
| Заглавие | Квартет и другие басни |
| Редно поле (дума) | И. А. Крылов; худ. А. К. Жаба |
| 260 ## - Област на издателските данни | |
| Място на издаване, разпространение и проч. | Москва |
| Година на издаване | 2013 |
| 9 (RLIN) | 479439 |
| Име на издателя, разпространителя и проч. | Олма Медиа Групп |
| 300 ## - Физическа характеристика | |
| Размери/Мащаб | 28 см |
| Страници | 32 с. |
| 380 ## - Жанр | |
| Жанр | Детска худож. лит. |
| 490 ## - СЕРИИ (Колекции) | |
| 9 (RLIN) | 479440 |
| Име на серия | Сказки Ученого Кота |
| 999 ## - СИСТЕМНИ КОНТРОЛНИ НОМЕРА | |
| Koha biblionumber | 470563 |
| Koha biblioitemnumber | 470563 |
| 942 ## - АРТИКУЛИ | |
| Вид на библиотечния материал | Книги |
| Скрит в OPAC | Не |
| Периодичен библиозапис | Да |
| 944 ## - СЪЗДАВАНЕ И РЕДАКЦИЯ на ЗАПИСА | |
| Създаване/Редакция | Създаване |
| Дата на регистрацията/редакция | 2022-08-16 |
| Служител, извършил регистрацията/редакцията | вр |
| Код за отписване | Код за изгубен артикул | Източник на класификационната схема | Код за повреда | Коз за рестрикции | Код за отдаване | Артикулен № | Име на библиотеката - собственик | Име на библиотеката, в която се намира в момента | Статус (Текущо местоположение) | Дата на вписване в системата | Местоположение - отдел | Цена в лева | Систематично азбучна сигнатура | Баркод | Цена в евро | Служебен тип на артикула |
|---|---|---|---|---|---|---|---|---|---|---|---|---|---|---|---|---|
| Не е изгубен | Universal Decimal Classification | Не е повреден | без рестрикции | заемане за дома | 900510 | Регионална библиотека "Любен Каравелов" Русе | Регионална библиотека "Любен Каравелов" Русе | Детски отдел | 2022-08-17 | Детски отдел | 5.00 | 821-93/К 92 И | 120000874340 | 2.56 | Книги |